2020s Movies - Sudden Death - Statistics

General Stats
  • This quiz has been taken 1,238 times
    1,236 since last reset
  • The average score is 15 of 28
Answers on the Grid
Answers color-coded by a green-red scale on the quiz's grid according to % correct below.
A Minecraft Movie
A Star is Born
Aladdin
Avengers: Endgame
Bad Boys for Life
Barbie
Bohemian Rhapsody
Cats
Cruella
Deadpool & Wolverine
Dolittle
Dune
Dunkirk
Everything Everywhere All at Once
F1
F9
Frozen II
Godzilla vs. Kong
Joker
Jumanji: The Next Level
La La Land
Lilo & Stitch
Little Women
No Time to Die
One Battle After Another
Oppenheimer
Puss in Boots: The Last Wish
Shazam!
Sinners
Snow White
Sonic the Hedgehog
Spider-Man: Into the Spider-Verse
Superman
Tenet
The Batman
The Flash
The Grand Budapest Hotel
The Greatest Showman
The Revenant
The Super Mario Bros. Movie
The Wild Robot
Top Gun: Maverick
Wicked
Wonka
 
Answer Stats
Answer % Correct
2025 A Minecraft Movie
91%
2023 Barbie
80%
2024 Deadpool & Wolverine
72%
2023 Oppenheimer
70%
2025 F1
67%
2022 Top Gun: Maverick
65%
2024 Wicked
65%
2022 Everything Everywhere All at Once
61%
2023 Wonka
60%
2021 Dune
59%
2025 Sinners
59%
2023 The Super Mario Bros. Movie
59%
2021 Cruella
50%
2025 Lilo & Stitch
48%
2025 One Battle After Another
48%
2022 Puss in Boots: The Last Wish
48%
2022 The Batman
47%
2020 Bad Boys for Life
46%
2025 Superman
46%
2025 Snow White
45%
2024 The Wild Robot
42%
2021 No Time to Die
41%
2021 Godzilla vs. Kong
39%
2020 Sonic the Hedgehog
39%
2020 Tenet
34%
2023 The Flash
34%
2020 Dolittle
23%
2021 F9
23%
No matching quizzes found
Score Distribution
Percent of People with Each Score
Percentile by Number Answered
Your Score History
You have not taken this quiz since the last reset